[Event "LSS No Engine Cup 116 Preliminary 1"]
[Site "LSS email"]
[Date "2014.08.22"]
[Round "?"]
[White "Losev, Vyacheslav"]
[Black "Miquel Badenes, Indalecio"]
[Result "0-1"]
[WhiteElo "749"]
[BlackElo "1348"]
[PlyCount "46"]
[EventDate "2014.08.23"]
[EventType "tourn (corr)"]
[EventRounds "6"]
[EventCountry "GER"]
[SourceTitle "Corr 2015"]
[Source "ChessBase"]
[SourceDate "2015.07.17"]
[SourceVersion "1"]
[SourceVersionDate "2015.07.17"]
[SourceQuality "1"]

1. e4 c5 2. Nf3 d6 3. Nc3 Nf6 4. Bb5+ Bd7 5. d3 Bxb5 6. Nxb5 Nc6 7. a4 a6 8. Nc3 e6 9. Bg5 Be7 10. Nd5 exd5 11. 0-0 0-0 12. exd5 Nxd5 13. Bxe7 Qxe7 14. c4 Nf6 15. d4 Na5 16. dxc5 dxc5 17. Qd2 Nb3 18. Rfe1 Qc7 19. Qg5 Nxa1 20. Rxa1 Rfe8 21. Nh4 Qe5 22. Nf5 Qe1+ 23. Rxe1 Rxe1# 0-1

[Event "SF-2014-0-00247"]
[Site "LSS email"]
[Date "2014.08.20"]
[Round "?"]
[White "Verich, Oleg"]
[Black "Losev, Vyacheslav"]
[Result "1-0"]
[WhiteElo "1009"]
[BlackElo "749"]
[PlyCount "75"]
[EventDate "2014.07.29"]
[EventType "tourn (corr)"]
[EventRounds "6"]
[EventCountry "GER"]
[SourceTitle "Corr 2015"]
[Source "ChessBase"]
[SourceDate "2015.07.17"]
[SourceVersion "1"]
[SourceVersionDate "2015.07.17"]
[SourceQuality "1"]

1. c4 e5 2. Nc3 Nf6 3. g3 Nc6 4. Bg2 Bb4 5. a3 Ba5 6. b4 Nxb4 7. axb4 Bxb4 8. Nd5 Nxd5 9. Bxd5 c6 10. Bg2 d5 11. Qb3 a5 12. cxd5 cxd5 13. Qxd5 Qxd5 14. Bxd5 0-0 15. Nf3 Rd8 16. Bc4 e4 17. Nh4 g5 18. Ng2 Kg7 19. Ra2 f5 20. Ne3 h5 21. 0-0 f4 22. Nd5 Bc5 23. d3 fxg3 24. hxg3 b5 25. Bxb5 Be6 26. dxe4 Bxd5 27. exd5 Ra7 28. Bc6 a4 29. Bxg5 Rf8 30. Rxa4 Raf7 31. Rf4 Kg6 32. Rxf7 Rxf7 33. Bh4 Kf5 34. Kg2 Ke5 35. f3 Bd6 36. Rd1 Ra7 37. Bg5 Rg7 38. Bf4+ 1-0

[Event "SN-2014-0-00617"]
[Site "LSS email"]
[Date "2014.08.15"]
[Round "?"]
[White "Garcia, Javier N"]
[Black "Losev, Vyacheslav"]
[Result "1-0"]
[WhiteElo "747"]
[BlackElo "749"]
[PlyCount "85"]
[EventDate "2014.07.27"]
[EventType "tourn (corr)"]
[EventRounds "6"]
[EventCountry "GER"]
[SourceTitle "Corr 2015"]
[Source "ChessBase"]
[SourceDate "2015.07.17"]
[SourceVersion "1"]
[SourceVersionDate "2015.07.17"]
[SourceQuality "1"]

1. d4 d5 2. c4 Nf6 3. Nf3 Nc6 4. Bg5 h6 5. Bxf6 exf6 6. cxd5 Na5 7. Qa4+ c6 8. dxc6 bxc6 9. b4 Nb7 10. Qxc6+ Qd7 11. Qxd7+ Bxd7 12. a3 Bd6 13. e3 0-0 14. Bd3 Bg4 15. Nbd2 Rac8 16. 0-0 g5 17. Ne4 Be7 18. h3 Bd7 19. Ba6 Bc6 20. Nfd2 Rc7 21. Rfc1 Nd6 22. Nxd6 Bxd6 23. b5 Bd7 24. Ne4 Rxc1+ 25. Rxc1 Bxa3 26. Nxf6+ Kg7 27. Nxd7 Bxc1 28. Nxf8 Kxf8 29. Kf1 Ke7 30. Ke2 Kd6 31. Kd3 f5 32. e4 fxe4+ 33. Kxe4 Bf4 34. Kf5 Kd5 35. Kg6 Kxd4 36. Kxh6 Kd3 37. g3 Bd2 38. b6+ Ke4 39. bxa7 g4+ 40. Kh5 gxh3 41. a8Q+ Kd4 42. Qh1 Kc3 43. Qxh3 1-0

[Event "RN-2014-0-00834"]
[Site "LSS email"]
[Date "2014.08.11"]
[Round "?"]
[White "Bieszk, Stanislaw"]
[Black "Losev, Vyacheslav"]
[Result "0-1"]
[WhiteElo "850"]
[BlackElo "758"]
[PlyCount "32"]
[EventDate "2014.08.02"]
[EventType "tourn (corr)"]
[EventRounds "6"]
[EventCountry "GER"]
[SourceTitle "Corr 2015"]
[Source "ChessBase"]
[SourceDate "2015.07.17"]
[SourceVersion "1"]
[SourceVersionDate "2015.07.17"]
[SourceQuality "1"]

1. Na3 e5 2. b3 d5 3. c3 Nf6 4. f3 Nc6 5. d4 Bf5 6. Nc2 Bd6 7. Bb2 0-0 8. dxe5 Nxe5 9. h4 c5 10. g4 Nexg4 11. fxg4 Nxg4 12. Qd2 Bg3+ 13. Kd1 Nf2+ 14. Kc1 Nxh1 15. Ne3 Bf4 16. Bg2 Re8 0-1